| 000 | 01179nam a22002537a 4500 | ||
|---|---|---|---|
| 005 | 20090720105145.0 | ||
| 008 | 090714t xxu||||| |||| 00| 0 hin d | ||
| 010 | _aHIN-87332 | ||
| 020 |
_c350.00 _a8190219588 |
||
| 035 | _aHN-59678 | ||
| 037 | _bDBAD / PUB | ||
| 040 |
_adpl _bhn |
||
| 082 | _a372.89044 | ||
| 100 | _aनेगी, भारत | ||
| 245 |
_aइतिहास शिक्षण का विकास / _cभारत नेगी |
||
| 246 |
_aItihaasa shikshana kaa Vikas _bby Bharat Negi |
||
| 260 |
_aदिल्ली _bअनुज पब्लिशिंग _c2008 |
||
| 270 |
_aद्वितीय तल, 94, मानक विहार, _bदिल्ली _e110092 |
||
| 300 |
_a312पृ. _c22सेमी (सजिल्द) |
||
| 650 |
_aइतिहास _xअध्ययन और अध्यापन |
||
| 650 |
_aHistory _xStudy and teaching |
||
| 942 |
_2ddc _cHN _mनेगीभा _h372.89044 |
||
| 999 |
_c28434 _d28434 |
||